000 00557nam a2200217Ia 4500
003 OSt
005 20220924153658.0
006 a|||||r|||| 00| 0
007 ta
008 220923b |||||||| |||| 00| 0 urd d
024 _a351228
037 _cTextual
040 _aARTS
_cARTS
_burd
041 _2urd
_aurd
082 _aO168, N4
100 _aMuhiddin Momin Au.
_9229494
245 0 _aFarsi dastan naveesi ki mukhtasar tareekh
260 _c1994
942 _hO168, N4
_cTEXL
_2CC
999 _c474459
_d474459